Potential of duckweed for water treatment and as feed ingredient in recirculation systems = De potentie van eendekroos voor waterkwaliteitsbeheer en als voer ingredient in recirculatiesystemen
Guardado en:
| Autor principal: | |
|---|---|
| Formato: | Libro |
| Lenguaje: | Undetermined |
| Publicado: |
[2002]
|
| Materias: | |
| Etiquetas: |
Agregar Etiqueta
Sin Etiquetas, Sea el primero en etiquetar este registro!
|
| Thư viện lưu trữ: | Trung tâm Học liệu Trường Đại học Cần Thơ |
|---|
| LEADER | 00678nam a2200181Ia 4500 | ||
|---|---|---|---|
| 001 | CTU_129775 | ||
| 008 | 210402s9999 xx 000 0 und d | ||
| 082 | |a 628.162 | ||
| 082 | |b N104 | ||
| 100 | |a Cao, Quoc Nam | ||
| 245 | 0 | |a Potential of duckweed for water treatment and as feed ingredient in recirculation systems = | |
| 245 | 0 | |b De potentie van eendekroos voor waterkwaliteitsbeheer en als voer ingredient in recirculatiesystemen | |
| 245 | 0 | |c Cao Quoc Nam ; Promotor: J.A.J. Verreth ; Supervisors: E.H. Eding ; J.W. Schrama | |
| 260 | |c [2002] | ||
| 650 | |a Water | ||
| 650 | |x Purification | ||
| 904 | |i Giang | ||
| 980 | |a Trung tâm Học liệu Trường Đại học Cần Thơ | ||